LEADER 01105nam a2200229 4500 001 000000337846 003 CaOOAMICUS 005 20240219143656.0 008 191107s1789 it 000 u ita r 026 $a).r- une. e.7. (4(3 (7) 1789 (R) 040 $aSeMil$bita 100 11$aPoggi, Giuseppe,$d<1761-1842>.$0(OLS)http://semarc/name/110481 245 00$aTomo 2. 264 1$aFirenze :$bPresso Anton-Giuseppe Pagani,$c1789. 300 $a23, [1] [i.e. 21], [1], 194 p. ;$c8° 500 $aSegn.: A? (-A?) B? ČA-M? NČ (-NČ) 773 0 $aPoggi, Giuseppe <1761-1842>$tEmende sincere di un cherico lombardo alle Annotazioni pacifiche che possono servire di risposta ad altri somiglianti libelli usciti finora alla luce. Tomo 1. [-3.].$dFirenze : Presso Anton-Giuseppe Pagani, 1789.$w()337823 850 $aSeMil 852 $aSeMil$W1$xVenegono$y1$m3X IV 123 FA$j217235$B229320$CSeMilBibl$Z2$F229320 $8I 996 $6245$aTomo 2$9(OLS)http://semarc/title/49331 996 $6264$aFirenze :$bPresso Anton-Giuseppe Pagani$9(OLS)http://semarc/publisher/58673 LEADER 01062nam a2200253 i 4500 001 000000228603 003 CaOOAMICUS 005 20140404000000.0 008 140404s1915 it u000 u mul u 013 $a207505 040 $aSeMil$bita 245 10$aSermones in Abraham et Isaac, In Basilium Magnum, in Eliam. 300 $aXIV, 231 p. 490 0 $aMonumenta biblica et ecclesiastica ;$v1 500 $aIn mezzo al front : Cum tabula phototypica. 700 1 $aMercati, Silvio Giuseppe.$0(OLS)http://semarc/name/13533 700 0 $aEphraem : Syrus,$c.$0(OLS)http://semarc/name/6620 773 0 $tS. Ephraem Syri opera.$dRomae : Pontificii Instituti Biblici, 1915.$g1$w()29669 830 0$aMonumenta biblica et ecclesiastica ;$v1.$0(OLS)http://semarc/title/40316 850 $aSeMil 852 $aSeMil$W1$xVenegono$y1$m2Y V 81$j178949$B178949$CSeMilBibl$Z2$F190001 $81 900 1 $aEfrem : Siro. 996 $6245$aSermones in Abraham et Isaac, In Basilium Magnum, in Eliam$9(OLS)http://semarc/title/327190